Le sport en B - Statistiques

Statistiques générales
  • Ce quiz a été pris 975 fois
  • Le résultat moyen est 9 sur 15
Statistiques - réponses
Indice Réponse % Correct
Sport olympique mélangeant le ski et le tir à la carabine Biathlon
89%
Pays ayant remporté le plus de Coupe du Monde de soccer masculine dans leur histoire Brésil
87%
Pays dont les joueurs de l'équipe de soccer national sont surnommés les "Diables Rouges" Belgique
85%
Club de soccer allemand créé en 1900 et gagnant de la Ligue des Champions à cinq reprises Bayern Munich
84%
Sport olympique composé de différentes catégories selon le poids de l'athlète Boxe
82%
Sport inventé en 1891 par un professeur d'éducation physique nommé James Naismith Basketball
75%
Au tennis, nom donné à un jeu remporté sur le service de son adversaire Bris
75%
Championnat de soccer en Allemagne Bundesliga
74%
Bruins, Celtics, Red Sox Boston
60%
Sport olympique depuis 1992 ayant la Chine comme principal médaillé Badminton
59%
Sport où le maximum de point possible en une partie est de 300 Bowling
53%
Au golf, nom donné à un trou joué un coup au dessus de la normal Bogey
31%
Catégorie olympique issue du cyclisme disputée depuis 2008 BMX
27%
Nom de famille d'un ancien joueur du Canadien de Montréal surnommé le Gros Bill Béliveau
3%
Surnom du joueur de baseball Babe Ruth Bambino
2%
Aucun quiz correspondant
Distribution des résultats
% des personnes avec chaque résultat
Percentile par nombre de réponses
Votre historique - résultats
Vous n’avez pas pris ce quiz